000 00537nam a2200157 a 4500
001 000029398
005 20200930055525.0
008 110415s2007 dr 000 0 spa d
040 _aDO-SdBNP
_bspa
_cBNPHU
082 _axxxx
_bR426
110 1 _aRepública Dominicana.
_bPoder Judicial,
_bSuprema Corte de Justicia
_955712
245 1 0 _aManual de bienvenida.
260 _aSanto Domingo :
_bDirección General de la Carrera Judicial :
_bDirección para Asuntos de la Carrera Judicial,
_c2007.
300 _a30 p. ;
_c22 cm.
049 _aBNPD
999 _c28890
_d28890